NLSUI OPAC header image

Comparative analysis of trans-border reputation of the well-known marks : a need for reciprocity (Record no. 217494)

MARC details
000 -LEADER
fixed length control field 00506nam a2200133Ia 4500
005 - DATE AND TIME OF LATEST TRANSACTION
control field 20260209120144.0
008 - FIXED-LENGTH DATA ELEMENTS--GENERAL INFORMATION
fixed length control field 260209s9999||||xx |||||||||||||| ||und||
100 ## - MAIN ENTRY--PERSONAL NAME
Personal name Ashish Tripathi
245 #0 - TITLE STATEMENT
Title Comparative analysis of trans-border reputation of the well-known marks : a need for reciprocity
260 ## - PUBLICATION, DISTRIBUTION, ETC.
Place of publication, distribution, etc. BangaloreBangalore
Name of publisher, distributor, etc. NLSIU, Bangalore
Date of publication, distribution, etc. 2021
300 ## - PHYSICAL DESCRIPTION
Extent 57 p. ; 25 cm.
700 ## - ADDED ENTRY--PERSONAL NAME
Personal name Prof. T Ramakrishna - GuideProf. T Ramakrishna - Guide
856 ## - ELECTRONIC LOCATION AND ACCESS
Uniform Resource Identifier <a href="https://dans.nls.ac.in/handle/123456789/858">https://dans.nls.ac.in/handle/123456789/858</a>
Holdings
Withdrawn status Lost status Damaged status Not for loan Home library Current library Date acquired Total Checkouts Barcode Date last seen Price effective from Koha item type
        NLS NLS 09/02/2026   LLM859 09/02/2026 09/02/2026 Dissertation